000 01435nam a22002657a 4500
001 1147
005 20230804114342.0
008 230803b cb ||||| |||| 00| 0 eng d
020 _a9781607101550
040 _aFISKH
_beng
_cFISKH
_deng
050 _aPZ7
082 _a591.76
100 _aPledger, Maurice
245 _aExplore underwater
_cMaurice Pledger
250 _aSecond printing, December 2010
260 _aSan Diego :
_bSilver Dolphin Books,
_c2010.
300 _a20 pages :
_c27 x 31 cm.
505 _aF
520 _aIn Explore: Underwater, kids will discover the lives of sea creatures with the vibrant illustrations of Maurice Pledger, as well as texture patches, amazing moving pictures, and flaps that take them into the world of the deep. Explore: Underwater takes kids on an astounding journey under the surface of the world's oceans, rivers, lakes, ponds, and other bodies of water. They'll visit crowded coral reefs and lift the flap to learn how they get their bright colors, then meet the clown fish and sea slug. They'll brave the freezing cold of the North and South Poles and feel the soft, feathery face that helps penguins keep warm. And they'll peek into the rock pool to catch a glimpse of the shimmering sea star for a complete hands-on educational experience.
521 _a400
_bLexile estimate
521 _aF
_bRaz-Plus
650 _2underwater
650 _2ocean
942 _2ddc
_cBK
_n0
999 _c1147
_d1147